Top XIs: Spain (1977-2023) - Statistics

General Stats
  • This quiz has been taken 2,042 times
    1,943 since last reset
  • The average score is 218 of 500
Answer Stats
Hint Position Answer % Correct
2007 MF Andrés Iniesta
97%
2008 MF Andrés Iniesta
97%
2010 MF Andrés Iniesta
97%
2011 MF Andrés Iniesta
97%
2012 MF Andrés Iniesta
97%
2013 MF Andrés Iniesta
97%
2014 MF Andrés Iniesta
97%
2016 MF Andrés Iniesta
97%
2017 MF Andrés Iniesta
97%
2018 MF Andrés Iniesta
97%
2005 MF Xavi
97%
2006 MF Xavi
97%
2007 MF Xavi
97%
2008 MF Xavi
97%
2009 MF Xavi
97%
2010 MF Xavi
97%
2012 MF Xavi
97%
2013 MF Xavi
97%
2009 DF Gerard Piqué
94%
2010 DF Gerard Piqué
94%
2011 DF Gerard Piqué
94%
2012 DF Gerard Piqué
94%
2013 DF Gerard Piqué
94%
2014 DF Gerard Piqué
94%
2015 DF Gerard Piqué
94%
2016 DF Gerard Piqué
94%
2017 DF Gerard Piqué
94%
2018 DF Gerard Piqué
94%
2005 ST Fernando Torres
93%
2006 ST Fernando Torres
93%
2008 ST Fernando Torres
93%
2009 ST Fernando Torres
93%
2013 ST Fernando Torres
93%
2014 ST Fernando Torres
93%
2010 MF Sergio Busquets
92%
2011 MF Sergio Busquets
92%
2012 MF Sergio Busquets
92%
2013 MF Sergio Busquets
92%
2014 MF Sergio Busquets
92%
2015 MF Sergio Busquets
92%
2016 MF Sergio Busquets
92%
2017 MF Sergio Busquets
92%
2018 MF Sergio Busquets
92%
2018/19 (LN) MF Sergio Busquets
92%
2019 MF Sergio Busquets
92%
2021 (EURO) MF Sergio Busquets
92%
2021 LN🥈 MF Sergio Busquets
92%
2022 MF Sergio Busquets
92%
2023 MF Sergio Busquets
92%
2006 DF Sergio Ramos
92%
2007 DF Sergio Ramos
92%
2008 DF Sergio Ramos
92%
2009 DF Sergio Ramos
92%
2010 DF Sergio Ramos
92%
2011 DF Sergio Ramos
92%
2012 DF Sergio Ramos
92%
2013 DF Sergio Ramos
92%
2014 DF Sergio Ramos
92%
2015 DF Sergio Ramos
92%
2016 DF Sergio Ramos
92%
2017 DF Sergio Ramos
92%
2018 DF Sergio Ramos
92%
2018/19 (LN) DF Sergio Ramos
92%
2019 DF Sergio Ramos
92%
2020 DF Sergio Ramos
92%
2002 DF Carles Puyol
91%
2003 DF Carles Puyol
91%
2004 DF Carles Puyol
91%
2005 DF Carles Puyol
91%
2006 DF Carles Puyol
91%
2007 DF Carles Puyol
91%
2008 DF Carles Puyol
91%
2010 DF Carles Puyol
91%
2012 DF Jordi Alba
87%
2013 DF Jordi Alba
87%
2014 DF Jordi Alba
87%
2015 DF Jordi Alba
87%
2016 DF Jordi Alba
87%
2017 DF Jordi Alba
87%
2018 DF Jordi Alba
87%
2021 (EURO) DF Jordi Alba
87%
2022 DF Jordi Alba
87%
2023 DF Jordi Alba
87%
2016 ST Álvaro Morata
84%
2019 ST Álvaro Morata
84%
2021 (EURO) ST Álvaro Morata
84%
2022 ST Álvaro Morata
84%
2023 ST Álvaro Morata
84%
2021 (EURO) MF Pedri
82%
2021 MF Pedri
82%
2023 MF Pedri
82%
2017 DF Daniel Carvajal
81%
2018 DF Daniel Carvajal
81%
2018/19 (LN) DF Daniel Carvajal
81%
2019 DF Daniel Carvajal
81%
2022 DF Daniel Carvajal
81%
2023 DF Daniel Carvajal
81%
2021 LN🥈 MF Gavi
79%
2022 MF Gavi
79%
2023 MF Gavi
79%
1997 ST Raúl
79%
1998 ST Raúl
79%
1999 ST Raúl
79%
2000 ST Raúl
79%
2001 ST Raúl
79%
2002 ST Raúl
79%
2003 ST Raúl
79%
2004 ST Raúl
79%
2005 ST Raúl
79%
2006 MF Cesc Fàbregas
78%
2012 ST Cesc Fàbregas
78%
2015 MF Cesc Fàbregas
78%
2016 MF Cesc Fàbregas
78%
2007 MF David Silva
78%
2008 MF David Silva
78%
2010 MF David Silva
78%
2011 MF David Silva
78%
2012 MF David Silva
78%
2014 MF David Silva
78%
2015 MF David Silva
78%
2016 MF David Silva
78%
2017 MF David Silva
78%
2018 MF David Silva
78%
2013 ST Pedro
75%
2015 ST Pedro
75%
2017 ST Pedro
75%
1992 DF Fernando Hierro
74%
1993 MF Fernando Hierro
74%
1994 MF Fernando Hierro
74%
1995 MF Fernando Hierro
74%
1996 MF Fernando Hierro
74%
1997 MF Fernando Hierro
74%
1998 MF Fernando Hierro
74%
1999 DF Fernando Hierro
74%
2001 DF Fernando Hierro
74%
2002 DF Fernando Hierro
74%
2021 (EURO) DF Aymeric Laporte
66%
2021 LN🥈 DF Aymeric Laporte
66%
2023 DF Aymeric Laporte
66%
2007 DF Joan Capdevila
65%
2008 DF Joan Capdevila
65%
2009 DF Joan Capdevila
65%
2010 DF Joan Capdevila
65%
1999 ST Fernando Morientes
64%
2002 ST Fernando Morientes
64%
2004 ST Fernando Morientes
64%
2014 ST Diego Costa
63%
2018 ST Diego Costa
63%
2011 DF Álvaro Arbeloa
62%
2012 DF Álvaro Arbeloa
62%
2013 DF Álvaro Arbeloa
62%
2015 MF Isco
62%
2017 MF Isco
62%
2018 MF Isco
62%
2018/19 (LN) MF Isco
62%
1978 DF Antonio Olmo
59%
2018 MF Koke
59%
2021 (EURO) MF Koke
59%
2021 LN🥈 MF Koke
59%
2022 MF Koke
59%
1997 MF Pep Guardiola
59%
1999 MF Pep Guardiola
59%
2000 MF Pep Guardiola
59%
2001 MF Pep Guardiola
59%
2018/19 (LN) MF Marco Asensio
58%
2021 MF Marco Asensio
58%
2023 MF Marco Asensio
58%
1985 ST Emilio Butragueño
57%
1986 ST Emilio Butragueño
57%
1987 ST Emilio Butragueño
57%
1988 ST Emilio Butragueño
57%
1989 ST Emilio Butragueño
57%
1990 ST Emilio Butragueño
57%
1991 ST Emilio Butragueño
57%
1992 ST Emilio Butragueño
57%
2014 DF César Azpilicueta
55%
2021 (EURO) DF César Azpilicueta
55%
2021 LN🥈 DF César Azpilicueta
55%
2018/19 (LN) DF Nacho
55%
1994 MF Luis Enrique
54%
1995 MF Luis Enrique
54%
1997 MF Luis Enrique
54%
1998 MF Luis Enrique
54%
1999 MF Luis Enrique
54%
2002 MF Luis Enrique
54%
2018/19 (LN) ST Rodrigo
51%
2019 ST Rodrigo
51%
2013 MF Juan Mata
50%
2009 DF Raúl Albiol
49%
2011 DF Raúl Albiol
49%
2019 MF Jesús Navas
47%
2017 MF Thiago Alcântara
46%
2018/19 (LN) MF Thiago Alcântara
46%
2021 LN🥈 ST Mikel Oyarzabal
45%
2021 ST Mikel Oyarzabal
45%
2006 ST David Villa
44%
1999 DF Michel Salgado
44%
2000 DF Michel Salgado
44%
2003 DF Michel Salgado
44%
2005 DF Michel Salgado
44%
2007 ST David Villa
43%
2008 ST David Villa
43%
2009 ST David Villa
43%
2010 ST David Villa
43%
2011 ST David Villa
43%
2001 MF Iván Helguera
43%
2002 MF Iván Helguera
43%
2003 DF Iván Helguera
43%
2004 DF Iván Helguera
43%
2018/19 (LN) MF Saúl
43%
1989 MF Martín Vázquez
42%
1990 MF Martín Vázquez
42%
1992 MF Martín Vázquez
42%
2020 ST Ferran Torres
41%
2021 (EURO) ST Ferran Torres
41%
2021 LN🥈 ST Ferran Torres
41%
2022 ST Ferran Torres
41%
2008 MF Marcos Senna
41%
1994 DF Sergi Barjuán
41%
1995 DF Sergi Barjuán
41%
1996 DF Sergi Barjuán
41%
1997 DF Sergi Barjuán
41%
1998 DF Sergi Barjuán
41%
2006 MF Xabi Alonso
41%
2009 MF Xabi Alonso
41%
2010 MF Xabi Alonso
41%
2011 MF Xabi Alonso
41%
2012 MF Xabi Alonso
41%
2014 MF Xabi Alonso
41%
2020 ST Gerard Moreno
40%
2001 DF Juanfran
40%
2002 DF Juanfran
40%
1989 MF Roberto
40%
1990 MF Roberto
40%
2009 MF Santi Cazorla
40%
2011 MF Santi Cazorla
40%
2015 MF Santi Cazorla
40%
2020 MF Mikel Merino
38%
2021 MF Mikel Merino
38%
2019 MF Fabián Ruiz
37%
1981 MF Joaquín
34%
2004 MF Joaquín
34%
2005 MF Joaquín
34%
2007 MF Joaquín
34%
1993 DF Miguel Ángel Nadal
34%
1995 DF Miguel Ángel Nadal
34%
1997 DF Miguel Ángel Nadal
34%
1998 DF Miguel Ángel Nadal
34%
2001 DF Miguel Ángel Nadal
34%
2002 DF Miguel Ángel Nadal
34%
2003 DF Carlos Marchena
33%
2004 DF Carlos Marchena
33%
2007 DF Carlos Marchena
33%
2008 DF Carlos Marchena
33%
2000 MF Gaizka Mendieta
33%
2001 MF Gaizka Mendieta
33%
2018/19 (LN) DF Marcos Alonso
33%
2021 LN🥈 DF Marcos Alonso
33%
2020 DF Pau Torres
33%
2021 (EURO) DF Pau Torres
33%
2021 DF Pau Torres
33%
2022 DF Pau Torres
33%
2021 DF Marc Cucurella
32%
1987 DF Manuel Sanchís
30%
1988 DF Manuel Sanchís
30%
1989 DF Manuel Sanchís
30%
1990 DF Manuel Sanchís
30%
1991 DF Manuel Sanchís
30%
1986 MF Míchel
30%
1987 MF Míchel
30%
1988 MF Míchel
30%
1989 MF Míchel
30%
1990 MF Míchel
30%
1991 MF Míchel
30%
1992 MF Míchel
30%
1992 DF Albert Ferrer
28%
1993 DF Albert Ferrer
28%
1994 DF Albert Ferrer
28%
1978 MF Isidoro San José
28%
1979 MF Isidoro San José
28%
2019 DF José Gayà
27%
2020 DF José Gayà
27%
2021 MF Martín Zubimendi
27%
2021 LN🥈 ST Pablo Sarabia
27%
2022 ST Pablo Sarabia
27%
2021 LN🥈 DF Eric García
26%
2021 DF Eric García
26%
2022 DF Eric García
26%
2003 MF David Albelda
25%
2004 MF David Albelda
25%
2005 MF David Albelda
25%
2007 MF David Albelda
25%
1977 DF José A. Camacho
25%
1981 DF José A. Camacho
25%
1982 DF José A. Camacho
25%
1983 DF José A. Camacho
25%
1984 DF José A. Camacho
25%
1985 DF José A. Camacho
25%
1986 DF José A. Camacho
25%
2002 MF Rubén Baraja
24%
2003 MF Rubén Baraja
24%
2004 MF Rubén Baraja
24%
1991 DF Abelardo
23%
1994 DF Abelardo
23%
1996 DF Abelardo
23%
1997 DF Abelardo
23%
2000 DF Abelardo
23%
1979 ST Dani
23%
2020 MF Dani Olmo
23%
2021 (EURO) MF Dani Olmo
23%
2021 MF Dani Olmo
23%
2023 MF Dani Olmo
23%
1978 ST Santillana
23%
1979 ST Santillana
23%
1981 ST Santillana
23%
1983 ST Santillana
23%
1984 ST Santillana
23%
1979 MF Vicente del Bosque
23%
1996 ST Alfonso
22%
1997 ST Alfonso
22%
1998 ST Alfonso
22%
2000 ST Alfonso
22%
1977 ST Juanito
22%
1978 ST Juanito
22%
1980 ST Juanito
22%
1981 ST Juanito
22%
1982 ST Juanito
22%
1986 ST Julio Salinas
22%
1990 ST Julio Salinas
22%
1993 ST Julio Salinas
22%
1994 ST Julio Salinas
22%
1988 DF Miquel Soler
22%
2016 ST Nolito
22%
2019 DF Iñigo Martínez
21%
1988 MF José María Bakero
21%
1994 MF José María Bakero
21%
1999 MF Juan Carlos Valerón
21%
2000 MF Juan Carlos Valerón
21%
2002 MF Juan Carlos Valerón
21%
2003 MF Juan Carlos Valerón
21%
2003 MF Vicente
21%
2004 MF Vicente
21%
2005 MF Vicente
21%
1992 MF Guillermo Amor
20%
1996 MF Guillermo Amor
20%
1998 MF Guillermo Amor
20%
1996 ST Kiko
20%
1997 ST Kiko
20%
1998 ST Kiko
20%
1984 DF Julio Alberto
19%
1986 DF Julio Alberto
19%
2006 MF Luis García
19%
1993 DF Rafael Alkorta
19%
1994 DF Rafael Alkorta
19%
1995 DF Rafael Alkorta
19%
1996 DF Rafael Alkorta
19%
1997 DF Rafael Alkorta
19%
1998 DF Rafael Alkorta
19%
1987 DF Chendo
18%
1989 DF Chendo
18%
1990 DF Chendo
18%
2001 ST Diego Tristán
18%
1999 ST Joseba Etxeberria
18%
2000 ST Joseba Etxeberria
18%
2003 ST Joseba Etxeberria
18%
1994 MF José Luis Caminero
17%
1995 MF José Luis Caminero
17%
1996 MF José Luis Caminero
17%
2001 DF Manuel Pablo
17%
1977 MF Pirri
17%
2004 DF Raúl Bravo
17%
2020 DF Sergio Reguilón
17%
1993 ST Txiki Begiristain
17%
1995 MF José Amavisca
16%
1996 MF José Amavisca
16%
1980 DF Rafael Gordillo
16%
1981 DF Rafael Gordillo
16%
1982 DF Rafael Gordillo
16%
1983 DF Rafael Gordillo
16%
1984 MF Rafael Gordillo
16%
1985 MF Rafael Gordillo
16%
1987 DF Rafael Gordillo
16%
1988 MF Rafael Gordillo
16%
2005 DF Asier del Horno
15%
1993 MF Julen Guerrero
15%
2005 DF Pablo Ibáñez
15%
2006 DF Pablo Ibáñez
15%
2001 MF Pedro Munitis
15%
1979 ST Quini
15%
1980 ST Quini
15%
2020 MF Sergio Canales
15%
1995 ST Juan Antonio Pizzi
14%
1983 ST Lobo Carrasco
14%
1984 ST Lobo Carrasco
14%
1987 ST Lobo Carrasco
14%
2006 DF Mariano Pernía
14%
1983 MF Víctor Muñoz
14%
1984 MF Víctor Muñoz
14%
1985 MF Víctor Muñoz
14%
1986 MF Víctor Muñoz
14%
1987 MF Víctor Muñoz
14%
1988 MF Víctor Muñoz
14%
1983 DF Andoni Goikoetxea
13%
1985 DF Andoni Goikoetxea
13%
1986 DF Andoni Goikoetxea
13%
1991 MF Andoni Goikoetxea
13%
1992 ST Andoni Goikoetxea
13%
1993 MF Andoni Goikoetxea
13%
1994 MF Andoni Goikoetxea
13%
1991 MF Eusebio Sacristán
13%
2021 DF Óscar Gil
13%
1981 MF Periko Alonso
13%
1982 MF Periko Alonso
13%
1999 DF Agustín Aranzábal
12%
2000 DF Agustín Aranzábal
12%
1995 DF Alberto Belsué
12%
1996 DF Alberto Belsué
12%
2009 MF Albert Riera
12%
1995 MF Donato
12%
1980 MF J. María Zamora
12%
1981 MF J. María Zamora
12%
1982 MF J. María Zamora
12%
1983 MF Juan Señor
12%
1984 MF Juan Señor
12%
1985 MF Juan Señor
12%
1989 ST Manolo
12%
1991 ST Manolo
12%
1977 DF Migueli
12%
1978 DF Migueli
12%
1979 DF Migueli
12%
1980 DF Migueli
12%
1991 DF Nando
12%
1983 MF Ricardo Gallego
12%
1984 MF Ricardo Gallego
12%
1985 MF Ricardo Gallego
12%
1986 MF Ricardo Gallego
12%
1987 MF Ricardo Gallego
12%
1988 MF Ricardo Gallego
12%
2019 MF Rodri
12%
2020 MF Rodri
12%
2023 DF Rodri
12%
1983 DF Antonio Maceda
11%
1984 DF Antonio Maceda
11%
1985 DF Antonio Maceda
11%
1979 DF José R. Alexanko
11%
1980 DF José R. Alexanko
11%
1981 DF José R. Alexanko
11%
1982 DF José R. Alexanko
11%
1998 DF Carlos Aguilera
10%
1989 DF Manolo Jiménez
10%
1980 DF Miguel Tendillo
10%
1981 DF Miguel Tendillo
10%
1982 DF Miguel Tendillo
10%
1999 DF Paco Jémez
10%
2000 DF Paco Jémez
10%
1982 ST R. López Ufarte
10%
1991 DF Roberto Solozábal
10%
1992 DF Roberto Solozábal
10%
1989 MF Francisco Villarroya
9%
1990 MF Francisco Villarroya
9%
1980 ST Jesús Satrústegui
9%
1981 ST Jesús Satrústegui
9%
1982 ST Jesús Satrústegui
9%
1991 MF Juan Vizcaíno
9%
1992 MF Juan Vizcaíno
9%
1983 ST Poli Rincón
9%
1985 ST Poli Rincón
9%
1977 MF Juan Manuel Asensi
8%
1978 MF Juan Manuel Asensi
8%
1979 MF Juan Manuel Asensi
8%
1980 MF Juan Manuel Asensi
8%
1992 DF Fernando Giner
7%
1993 DF Fernando Giner
7%
1987 DF Genar Andrinúa
7%
1988 DF Genar Andrinúa
7%
1989 DF Genar Andrinúa
7%
1990 DF Genar Andrinúa
7%
1978 MF Julio Cardeñosa
7%
1986 MF Ramón Calderé
7%
1987 MF Ramón Calderé
7%
1986 DF Tomás
7%
1988 DF Tomás
7%
1977 DF Ángel María Villar
6%
1979 DF Ángel María Villar
6%
1980 MF Enrique Saura
6%
1982 MF Enrique Saura
6%
1977 MF Eugenio Leal
6%
1978 MF Eugenio Leal
6%
1985 DF Gerardo
6%
1978 DF Marcelino
6%
1984 DF Santiago Urquiaga
6%
1993 MF Toni
6%
1990 DF Alberto Gorriz
5%
1977 DF Capón
5%
1978 DF Francisco Uría
5%
1979 DF Francisco Uría
5%
2015 DF Juanfran
5%
2016 DF Juanfran
5%
1977 ST Rubén Cano
5%
1977 MF Ignacio Churruca
4%
No matching quizzes found
Score Distribution
Percent of People with Each Score
Percentile by Number Answered
Your Score History
You have not taken this quiz since the last reset